Introductory circuit analysis (Record no. 2846)

000 -LEADER
fixed length control field 00538nam a2200205 a 4500
001 - CONTROL NUMBER
control field 2846
003 - CONTROL NUMBER IDENTIFIER
control field BD-DhUET
008 - FIXED-LENGTH DATA ELEMENTS--GENERAL INFORMATION
fixed length control field 870909s1987 ohua 001 0 eng
020 ## - INTERNATIONAL STANDARD BOOK NUMBER
International Standard Book Number 0675211816
040 ## - CATALOGING SOURCE
Original cataloging agency DLC
Transcribing agency DLC
Modifying agency BD-DhUET
082 00 - DEWEY DECIMAL CLASSIFICATION NUMBER
Classification number 623.01
Item number BOY/1990
100 1# - MAIN ENTRY--PERSONAL NAME
Personal name Boylestad, Robert L.
245 10 - TITLE STATEMENT
Title Introductory circuit analysis
250 ## - EDITION STATEMENT
Edition statement 6th ed.
260 ## - PUBLICATION, DISTRIBUTION, ETC. (IMPRINT)
Place of publication, distribution, etc. New York
Name of publisher, distributor, etc. Macmillan Publishing
Date of publication, distribution, etc. 1990
300 ## - PHYSICAL DESCRIPTION
Extent xiv, 1103 p.
Other physical details ill.
Dimensions 27 cm.
504 ## - BIBLIOGRAPHY, ETC. NOTE
Bibliography, etc Includes bibliographies
650 #0 - SUBJECT ADDED ENTRY--TOPICAL TERM
Topical term or geographic name as entry element Electric circuits
942 ## - ADDED ENTRY ELEMENTS (KOHA)
Koha item type General Book
Holdings
Withdrawn status Koha date last borrowed Koha issues (times borrowed) Koha date last seen Source of classification or shelving scheme Koha normalized classification for sorting Copy number Location (home branch) Lost status Date acquired Not for loan Price effective from Koha full call number Shelving location Koha item type Piece designation (barcode) Sublocation or collection (holding branch) Damaged status
 2019-06-2362022-08-23 623_010000000000000_BOY_19901Central Library, BUET 2015-01-26 2015-01-26623.01/BOY/1990Circulation sectionGeneral Book90680Central Library, BUET 
   2015-07-01 623_010000000000000_BOY_19902Central Library, BUET 2015-07-01 2015-07-01623.01/BOY/1990Reading sectionGeneral Book90683Central Library, BUET 
   2015-07-02 623_010000000000000_BOY_19903Central Library, BUET 2015-07-02 2015-07-02623.01/BOY/1990Reading sectionReading Item90682Central Library, BUET 
 2025-08-03122025-11-09 623_010000000000000_BOY_19904Central Library, BUET 1997-01-02 2022-01-16623.01/BOY/1990Circulation sectionGeneral Book90681Central Library, BUET